| 000 | 00982nam0a22002651 4500 | ||
|---|---|---|---|
| 001 | rc\916815 | ||
| 005 | 20041129094937.6 | ||
| 035 | _a(NLR Aleph) 006091113 | ||
| 090 |
_a5160201 _c5160201 |
||
| 100 | _a20041129d1982 u |0rusy50 ca | ||
| 101 | 0 | _arus | |
| 102 | _aRU | ||
| 105 | _aa ||||||||| | ||
| 200 | 1 | _aИзлучение света осциллятором при движении в преломляющей пластинке | |
| 210 |
_aДубна _cОИЯИ _d1982 |
||
| 215 |
_a12 с. _cграф. _d21 |
||
| 225 | 1 |
_aПрепринт _fОбъед. ин-т ядер. исслед. _vР4-82-229 |
|
| 320 | _aБиблиогр.: с. 12 (7 назв.) | ||
| 700 | 1 |
_aБарышевский _bВ. Г. _gВладимир Григорьевич |
|
| 701 | 1 |
_aФранк _bИ. М. _cфизик _f1908-1990 _gИлья Михайлович _3RU\NLR\auth\7777424 _4570 |
|
| 801 | 0 |
_aRU _bNLR _gpsbo |
|
| 801 | 1 |
_aRU _bELAR _2rusmarc |
|
| 852 |
_aNLR _j82-6/6725 |
||
| 942 | _cBOOK | ||
| 980 | _aNB | ||